Národopisné aktuality. Roč. 17, č. 1-4, 1980

Bibliographic Details
Format: Book
Language:Undetermined
Published: Strážnica Ústav lidového umnění 1980

MARC

LEADER 00000nam a2200000 a 4500
001 vtls001293160
003 SK-MaSNL
005 20260224105624.0
008 210928s1980 xx 0 und
035 |a SNK000244922 
040 |a SNK  |b slo  |c SNK  |e AACR2 
245 1 |a Národopisné aktuality. Roč. 17, č. 1-4, 1980 
260 |a Strážnica  |b Ústav lidového umnění  |c 1980 
958 |a OND 
999 |c 972965  |d 974895 
952 |t P60, <06>, [BOOK], {606}  |a SNK  |b SNK  |y PREZ  |7 0  |p 17A0077056  |o snkČD 639/17/1980  |0 0  |1 1  |4 0  |d 1997-07-03  |l 0  |r 2005-01-02 00:00:00  |w 2026-02-24